|
|
|
|
| LEADER |
00000nam a22000007a 4500 |
| 005 |
20190301120935.0 |
| 007 |
cr|||| |||| |
| 008 |
190301s2018 mx |||||s|||| 00||0 spa d |
| 020 |
|
|
|a 978-607-8552-98-6
|
| 035 |
|
|
|a 22905
|
| 040 |
|
|
|a vLex
|
| 090 |
|
|
|c 8487
|d 8487
|
| 100 |
1 |
|
|a Gonzl̀ez Rodrg̕uez, Antonio
|
| 245 |
1 |
0 |
|a Diccionario bilingüe de třminos contables
|h [Recurso electrn̤ico] /
|c Antonio Gonzl̀ez Rodrg̕uez, Francisco Jos ̌Chevez Robelo
|
| 256 |
|
|
|a Servicio en ln̕ea
|
| 260 |
|
|
|a Ciudad de Mx̌ico:
|b Instituto Mexicano de Contadores Pb︢licos,
|c 2018
|
| 300 |
|
|
|a 1 recurso electrn̤ico
|
| 506 |
1 |
|
|a Disponible solo en los productos indicados
|d vLex Global
|d vLex Global (Academic Edition, excluding Law Schools)
|d vLex Global (U.S. Academic Edition, Law Schools)
|d vLex Global (U.S. Academic Edition, excluding Law Schools)
|d vLex Global (Academic Edition, Law Schools)
|
| 650 |
0 |
4 |
|a Derecho Fiscal
|z Mx̌ico
|
| 700 |
1 |
|
|a Chevez Robelo, Francisco Još
|
| 740 |
0 |
|
|a vLex Libros (Servicio en ln̕ea)
|
| 856 |
4 |
0 |
|u http://vlex.com/source/diccionario-bilingue-terminos-contables-22905
|z Acceso restringido
|
| 942 |
|
|
|c BOOK
|
| 999 |
0 |
|
|a Tax Law
|